000 00643nam a22001817a 4500
003 BUBTL
008 190410b xxu||||| |||| 00| 0 eng d
020 _a978-9847-04-0021-8
082 _a891.443 / AZP
100 _92273
_aআজাদ, হুমায়ুন
245 _aপাক সার জমিন সাদ বাদ /
_cহুমায়ুন আজাদ
260 _aঢাকা :
_bআগামী প্রকাশনী,
_cc2003
300 _a112 p. :
_c22 cm.
650 0 _91689
_aবাংলা সাহিত্য
856 _k0
_l0
_yDownload
942 _2ddc
_cBK
999 _c5970
_d5970